02133nab a22002777a 4500003000400000005001700004008004100021040000700062100002900069245010800098260007300206300001300279500004400292505106100336505009001397650001801487650003301505650000801538650003001546650002901576650002501605650004301630650001901673650002201692773014101714OSt20250311134444.0190604e xxu||||| |||| 00| 0 spa d cPJ aRomano, Francisco Javier10aLey Bases :banálisis crítico de las reformas a la Ley de Hidrocarburos /cFrancisco Javier Romano. aCiudad Autónoma de Buenos Aires :bThomson Reuters La Ley, c2024. ap. 37-74 aCita Online: TR LALEY AR/DOC/1831/2024. aI. Introducción.— II. Reformas a la Ley de Hidrocarburos en la Ley de Bases: nuevos objetivos de política nacional.— III. Libertad de precios y exportaciones. Persistencia de derechos de exportación.— IV. Exportaciones de LNG. Reforma de la ley del gas y caso particular de la exportación estratégica a largo plazo en el régimen de incentivos a las grandes inversiones.— IV. RIGI. Proyectos de inversión.— V. Modos de adquisición de nuevas concesiones de explotación en el derecho argentino. Regla general: pliegos, plazos y prórrogas; procedimiento y criterio de adjudicación.— VI. Modos de adquisición de nuevas concesiones en el derecho argentino. Casos excepcionales: reconversión por subdivisión de áreas, unificación de áreas adyacentes y coexistencia de operaciones convencionales y no convencionales.— VII. Plazos.— VIII. Status de las concesiones existentes. Prórrogas.— IX. Autorizaciones de transporte y habilitaciones de procesamiento y de almacenamiento subterráneo.— X. Conclusiones.  t¿Te interesa el texto completo? Solicitalo al correo: koha@justierradelfuego.gov.ar  0aHIDROCARBUROS 0aEXPLOTACION DE HIDROCARBUROS 0aGAS 0aREGALÍAS PETROLÍFERAS 0aCODIGO CIVIL Y COMERCIAL 0aEMPLEO NO REGISTRADO 0aORGANIZACION INTERNACIONAL DEL TRABAJO 0aDISCRIMINACION 0aDERECHO COMPARADO0 02714dCiudad Autónoma de Buenos Aires : Thomson Reuters La Ley, 2014-tRevista anales de legislación argentina. Nº 8 - Agosto 2024.